El misterio de crantock /
Guardado en:
| Autor Principal: | |
|---|---|
| Formato: | Libro |
| Publicado: |
Buenos Aires :
Norma,
2013
|
| Materias: | |
| Etiquetas: |
Agregar Etiqueta
Sin Etiquetas, Sea el primero en etiquetar este registro!
|
| LEADER | 01838nam a22004095a 4500 | ||
|---|---|---|---|
| 001 | CEM.cems014234 | ||
| 008 | 130507s2013##################000#0#####d | ||
| 005 | 20260616150622.0 | ||
| 245 | 1 | 0 | |a El misterio de crantock / |c Sergio Aguirre |
| 260 | |a Buenos Aires : |b Norma, |c 2013 | ||
| 300 | |a 157 p. | ||
| 020 | |a 9789875456204 | ||
| 100 | 1 | |a Aguirre, Sergio | |
| 082 | 0 | 4 | |a A863.4 |
| 653 | |a Literatura | ||
| 653 | |a Literatura argentina | ||
| 653 | |a Novelas | ||
| 653 | |a Novelas argentinas | ||
| 653 | |a Literatura juvenil | ||
| 653 | |a Novelas juveniles | ||
| 653 | |a Narrativa | ||
| 653 | |a Narrativa argentina | ||
| 653 | |a Ministerio de educación-colección literaria | ||
| 859 | |a CEMS |b BIB. CEMS - Inicial y Primaria |h A863.4 |i Ag93-4 |k IP |p 5726 |t Ej.1 | ||
| 859 | |a CEMS |b BIB. CEMS - 11 de abril |h A863.4LS1 |i Ag93-4 |p 26804.14 |t Ej.1 | ||
| 859 | |a CEMS |b BIB. CEMS - Agricultura |h A863.4 |i Ag94 |p A2052.14 |t Ej.1 | ||
| 859 | |a CEMS |b BIB. CEMS - Inicial y Primaria |h A863.4 |i Ag93-4 |k IP |p 5727 |t Ej.2 | ||
| 859 | |a CEMS |b BIB. CEMS - 11 de abril |h A863.4LS1 |i Ag93-4 |p 29200.22 |t Ej. 2 | ||
| 859 | |a CEMS |b BIB. CEMS - Inicial y Primaria |h A863.4 |i Ag93-4 |k IP |p 5728 |t Ej.3 | ||
| 859 | |a CEMS |b BIB. CEMS - Inicial y Primaria |h A863.4 |i Ag93-4 |k IP |p 5729 |t Ej.4 | ||
| 859 | |a CEMS |b BIB. CEMS - Inicial y Primaria |h A863.4 |i Ag93-4 |k IP |p 5730 |t Ej.5 | ||
| 859 | |a CEMS |b BIB. CEMS - Inicial y Primaria |h A863.4 |i Ag93-4 |k IP |p 5731 |t Ej.6 | ||
| 859 | |a CEMS |b BIB. CEMS - Inicial y Primaria |h A863.4 |i Ag93-4 |k IP |p 5732 |t Ej.7 | ||
| 859 | |a CEMS |b BIB. CEMS - Inicial y Primaria |h A863.4 |i Ag93-4 |k IP |p 5733 |t Ej.8 | ||
| 859 | |a CEMS |b BIB. CEMS - Inicial y Primaria |h A863.4 |i Ag93-4 |k IP |p 5734 |t Ej.9 | ||
| 859 | |a CEMS |b BIB. CEMS - Inicial y Primaria |h A863.4 |i Ag93-4 |k IP |p 5735 |t Ej.10 | ||
| 859 | |a CEMS |b BIB. CEMS - Inicial y Primaria |h A863.4 |i Ag93-4 |k IP |p 5546 |t Ej.11 | ||
